| 000 | 00777nam a2200241 u 4500 | ||
|---|---|---|---|
| 005 | 20231128063937.0 | ||
| 008 | 080124s2006 es r 000 0 spa d | ||
| 020 | _a8441322503 | ||
| 035 | _aUPN01000153898 | ||
| 049 | _aC | ||
| 050 | 4 |
_aE61 _bC6.2 |
|
| 100 | 1 | _aCoe, Michael | |
| 245 | 1 | 0 |
_aAmérica antigua : _bcivilizaciones precolombinas / _cMichael Coe, Dean Snow, Elizabeth Benson. |
| 260 |
_aBarcelona, Esp. : _bFolio, _c2006. |
||
| 300 |
_a239 p. : _bmapas, il. col. |
||
| 440 | 0 | _aGrandes civilizaciones del pasado | |
| 534 |
_pTítulo original: _tAtlas of ancient America |
||
| 651 | 0 |
_aAmérica _xAntigüedades _92328 |
|
| 650 | 4 |
_aIndígenas _xAntigüedades _913142 |
|
| 700 | 1 |
_aSnow, Dean, _ecoaut. |
|
| 700 | 1 |
_aBenson, Elizabeth, _ecoaut. |
|
| 905 | _aLibro | ||
| 999 |
_c126019 _d126019 |
||